| 000 | 00408pam a2200169 a 4500 | ||
|---|---|---|---|
| 020 | _a0070682860 : | ||
| 040 | _cDLC | ||
| 082 | 0 | 0 | _a536 MCG 1988 A031 Or. |
| 100 | 1 | _aWark, Kenneth, | |
| 245 | 1 | 0 | _aThermodynamics / |
| 250 | _a5th ed. | ||
| 260 |
_aNew York : _bMcGraw-Hill, _cc1988. |
||
| 300 |
_axvi, 954 p. : _bill. ; _c24 cm. |
||
| 500 | _aIncludes index. | ||
| 650 | 0 | _aThermodynamics. | |
| 942 | _cEK | ||
| 999 |
_c12009 _d12009 |
||